000
00307 a2200145 4500
001
45611
020
_a
8570264151
040
_c
Anchieta - Aquarius
240
1
0
_a
Ciência e futuro:
_l
por
245
1
0
_a
Ciência e futuro:
300
_a
362
0
_a
1996
650
4
_a
Enciclopédias gerais
942
_c
BK
999
_c
45611
_d
45611